No es exigible la previa inscripción del divorcio para que se registre la compraventa cuando en el acto intervienen ambos excónyuges (Registro nro. 22597)

000 -Cabecera
Campo de control interno 02180nam a2200241 4500
001 - Número de control
control field ESSALUD
005 - Fecha y hora de la última transacción
Campo de control 20260701124126.0
007 - Tipo material - Descripcion fisica - info general
Tipo material - Descripcion fisica - info general ta
008 - Elementos de Longitud Fija - Información General
Elementos de Longitud Fija - Información t pe ||||| |||| 00| 0 spa d
040 ## - Origen de la Catalogación
Origen de la Catalogación BMG
041 ## - Idioma
Idioma spa
100 ## - Autor
Autor Tribunal Registral
Rol del Autor Autor
9 (RLIN) 53048
245 ## - Titulo
Titulo No es exigible la previa inscripción del divorcio para que se registre la compraventa cuando en el acto intervienen ambos excónyuges
300 ## - Páginas
Paginación páginas 67-78
520 ## - Resumen
Resumen No se ha establecido la obligatoriedad de la inscripción en el Registro Personal de aquellos actos que impliquen una modificación en el estado civil de las personas. El único supuesto en el que sería exigible la previa inscripción del divorcio sería en el caso que un excónyuge transfiera la cuota ideal que le correspondería sobre un bien inscrito como social, a efectos de acreditar el derecho que le asiste al transferente sobre el bien, que pasaría de un bien social a un bien sujeto a copropiedad. Sin embargo, en el presente caso, tal como se ha indicado, en la compraventa celebrada intervienen ambos excónyuges, quienes a su vez manifiestan su deseo de transferir el derecho de propiedad que poseen sobre el predio. Es decir, que en la compraventa intervienen todos los copropietarios del predio. Siendo ello así, no resulta necesario que como acto previo a la inscripción de la compraventa se registre la rectificación de la calidad del bien, ello por cuanto lo que se busca es transferir la compraventa otorgada. En consecuencia, se puede afirmar que no resulta exigible la inscripción del divorcio, la rectificación de la calidad del bien y la adjudicación por fenecimiento de la sociedad de gananciales, cuando en la compraventa intervienen ambos excónyuges dando su conformidad, como sucede en el presente caso.
650 ## - Temas - Descriptores
Temas - Descriptores REGISTROS PUBLICOS
9 (RLIN) 4244
650 ## - Temas - Descriptores
Temas - Descriptores PROPIEDAD INMUEBLE
9 (RLIN) 53057
650 ## - Temas - Descriptores
Temas - Descriptores CONTRATOS
9 (RLIN) 337
650 ## - Temas - Descriptores
Temas - Descriptores OBLIGACIONES
9 (RLIN) 46967
650 ## - Temas - Descriptores
Temas - Descriptores SOCIEDAD DE GANANCIALES
9 (RLIN) 53058
773 0# - Revista (Relacion con el numero)
Host Biblionumber 22573
Host Itemnumber 22621
Ciudad, Editorial Lima Grupo Praxis Formación Profesional, 2026-
Codigo barras item/ejemplar PRA002
Titulo de la Revista Praxis Civil & Procesal Civil
Número de control de registro ESSALUD
ISSN 3119-7671
942 ## - Elementos de Koha
Tipo de Documento Artículos
Fecha procesamiento 2026-07-01
Catalogador sqb

No hay ítems disponibles.